000 00582nam a2200181Ia 4500
008 090124s9999 xx 000 0 und d
082 _b33965
100 _aमिरासदार द.मा.
245 _a खडे आणि ओरखडे
250 _a1
260 _bकुलकर्णी ग्रंथागार
_c1997
300 _a168
600 _aमिरासदार द.मा.
630 _a खडे आणि ओरखडे
700 _aमिरासदार द.मा.
730 _a खडे आणि ओरखडे
942 _cBOOK
999 _c99846
_d99846